Paliva a maziva pro automobily

Enregistré dans:
Détails bibliographiques
Auteur principal: Dyk, Antonín (Auteur)
Format: Livre
Langue:tchèque
Publié: Praha : SNTL, 1976
Édition:2. vyd.
Sujets:
Tags: Ajouter un tag
Pas de tags, Soyez le premier à ajouter un tag!

MARC

LEADER 00000nam a22000003a 4500
001 stu86639
005 20150617225628.9
008 040504s1976----cs------------------cze-d
040 |a STU  |b slo 
041 0 |a cze 
044 |a cs 
080 |a 629.113 
080 |a 621.43 
100 1 |a Dyk, Antonín  |4 aut 
245 1 |a Paliva a maziva pro automobily 
250 |a 2. vyd. 
260 |a Praha :  |b SNTL,  |c 1976 
300 |a 181 s 
650 7 |a palivá a mazivá  |2 stusub 
650 7 |a spaľovacie motory  |2 stusub 
996 |b 284J020669  |c J*50104  |l JJSK  |s A  |a 24  |w stu86639_0001 
996 |b 284J020668  |c J*50103  |l JJSK  |s A  |a 24  |w stu86639_0002